Traffic engineering: theory and practice (Record no. 523384)

000 -LEADER
fixed length control field 00853cam a2200265 4500
001 - CONTROL NUMBER
control field 4078465
003 - CONTROL NUMBER IDENTIFIER
control field NUST
005 - DATE AND TIME OF LATEST TRANSACTION
control field 20190130110622.0
008 - FIXED-LENGTH DATA ELEMENTS--GENERAL INFORMATION
fixed length control field 721120s1973 njua b 001 0 eng
010 ## - LIBRARY OF CONGRESS CONTROL NUMBER
LC control number 72012683
020 ## - INTERNATIONAL STANDARD BOOK NUMBER
International Standard Book Number 0139262202
040 ## - CATALOGING SOURCE
Original cataloging agency DLC
Transcribing agency DLC
Modifying agency DLC
050 00 - LIBRARY OF CONGRESS CALL NUMBER
Classification number HE333
Item number .P53
082 00 - DEWEY DECIMAL CLASSIFICATION NUMBER
Classification number 388.3
Author Mark PIG
100 1# - MAIN ENTRY--PERSONAL NAME
Personal name Pignataro, Louis J.,
Dates associated with a name 1923-
9 (RLIN) 13583
245 10 - TITLE STATEMENT
Title Traffic engineering: theory and practice
Statement of responsibility, etc. [by] Louis J. Pignataro. With contributions by Edmund J. Cantilli [and others]
260 ## - PUBLICATION, DISTRIBUTION, ETC.
Place of publication, distribution, etc. Englewood Cliffs, N.J.,
Name of publisher, distributor, etc. Prentice-Hall
Date of publication, distribution, etc. [1973]
300 ## - PHYSICAL DESCRIPTION
Extent ix, 502 p.
Other physical details illus.
Dimensions 29 cm.
350 ## - PRICE (NR) (BK AM CF MU VM SE) [OBSOLETE]
Price $21.00
504 ## - BIBLIOGRAPHY, ETC. NOTE
Bibliography, etc. note Includes bibliographical references.
650 #0 - SUBJECT ADDED ENTRY--TOPICAL TERM
Topical term or geographic name entry element Traffic engineering.
9 (RLIN) 394
700 1# - ADDED ENTRY--PERSONAL NAME
Personal name Cantilli, Edmund J.
9 (RLIN) 13584
906 ## - LOCAL DATA ELEMENT F, LDF (RLIN)
a 7
b cbc
c orignew
d 1
e ocip
f 19
g y-gencatlg
942 ## - ADDED ENTRY ELEMENTS (KOHA)
Source of classification or shelving scheme
Koha item type Book
Holdings
Withdrawn status Lost status Source of classification or shelving scheme Damaged status Not for loan Permanent Location Current Location Date acquired Total Checkouts Full call number Barcode Date last seen Price effective from Koha item type
          Central Library (CL) Central Library (CL) 01/30/2019   388.3 PIG NIT-10565 01/30/2019 01/30/2019 Book
© 2023 Central Library, National University of Sciences and Technology. All Rights Reserved.